| 000 | 00735nam a2200241 i 4500 | ||
|---|---|---|---|
| 001 | 7278 | ||
| 003 | ES-MaACL | ||
| 005 | 20250526173551.0 | ||
| 007 | t| | ||
| 008 | 901115s1990 sp ||||1| spa d | ||
| 020 | _a84-204-2594-X | ||
| 080 | _a82.0(73)-311.1"19" | ||
| 080 | _a82.0(73)(Roth,H.7 Ll.03=6) | ||
| 100 | 1 |
_aRoth, Henry. _999950 |
|
| 245 | 1 | 0 |
_aLlámalo sueño / _cHenry Roth ; traducción de Miguel Sáenz. |
| 260 |
_aMadrid : _bAlfaguara, _c1990. |
||
| 300 |
_a544 p. ; _c22 cm. |
||
| 490 | 1 |
_aAlfaguara literaturas ; _v303 |
|
| 700 | 1 |
_aSáenz, Miguel, _d1932- _9101299 |
|
| 830 | 0 |
_aAlfaguara literaturas ; _v303 _9177847 |
|
| 852 |
_aES-MaACL _jL-14512 _bR.118394 _z. - rust. |
||
| 999 |
_c7278 _d7278 |
||